000
00267nam a22001217a 4500
040
_c
SY
082
_a
972
100
_a
ឃួន អៀង
245
_a
Fruit, ដំណាំហូបផ្លែ
260
_a
RUA
_b
ឃួន
_c
2008
300
_a
43p.
942
_c
KB
999
_c
10085
_d
10085